Harry Potter Grab Bag Quiz Stats

 Plays Quiz Updated Feb 21, 2017

Support Sporcle.
Go Orange.
Score 0/59 Timer 08:00
4 Plays Today
% Correct
Hufflepuff
98%
Slytherin
97.8%
Ravenclaw
97.6%
Harry Potter
97%
Harry Potter
96.9%
Ron Weasley
96.5%
Severus Snape
96.3%
Gryffindor
96.1%
Severus Snape
95.9%
Ginny Weasley
95.4%
Snitch
95.2%
George Weasley
94.7%
Fred Weasley
94.6%
Seeker
92.4%
Percy Weasley
92.1%
Elder Wand
91.9%
Moony
91.8%
Prongs
91.5%
Cedric Diggory
91.5%
Nearly Headless Nick
91.4%
Viktor Krum
91%
Padfoot
90.9%
Minerva McGonagall
90.9%
Cloak of Invisibility
90.8%
Fleur Delacour
90.6%
Bill Weasley
89.8%
Molly Weasley
89.6%
Remus Lupin
89.6%
Wormtail
88.9%
Keeper
88.4%
% Correct
Tom Riddle's Diary
88.2%
Resurrection Stone
87.6%
Charlie Weasley
87.2%
Nagini
86.7%
Arthur Weasley
86.6%
Bludger
86.6%
Beater
86.4%
Alastor Moody
86.3%
Gilderoy Lockhart
86.1%
Quaffle
85.4%
Quirinus Quirrell
85.3%
Slytherin's Locket
84.2%
Dolores Umbridge
84.1%
Marvolo Gaunt's Ring
83%
Filius Flitwick
81.8%
Rowena Ravenclaw's Diadem
81.5%
Pomona Sprout
80.1%
Fang
79.8%
Helga Hufflepuff's Cup
79.4%
Fluffy
77.6%
Chaser
77.6%
Bloody Baron
77.3%
Norbert
75.4%
Aragog
74.3%
Buckbeak
73.8%
Grey Lady
71.4%
Moaning Myrtle
59%
Fat Friar
58.2%
Professor Binns
32%

You're not logged in!

Compare scores with friends on all Sporcle quizzes.
OR
Log In
Forgot?

From the Vault

Sayings in a Picture II

by wilycub

They say a picture is worth a thousand words, but most of these are only worth a few.
Remove Ads.
Support Sporcle.
Get the best of Sporcle when you Go Orange. This ad-free experience offers more features, more stats, and more fun while also helping to support Sporcle. Thank you for becoming a member.

Show Comments

Extras

Top Quizzes Today


Score Distribution

Your Account Isn't Verified!

In order to create a playlist on Sporcle, you need to verify the email address you used during registration. Go to your Sporcle Settings to finish the process.

Report this User

Report this user for behavior that violates our Community Guidelines.

Details: